00287nam a2200133Ia 45000030006000000080041000060400015000471000018000622450025000802500010001052600009001155460012001240050017001360STCL150530s9999 xx 000 0 und d aSTCLcSTCL aMartine, H.F. aShakespeares Henry V aFirst c1966 aEnglish20220125170952.0